[Event "POL-chT 1st League"]
[Site "Ustron"]
[Date "2003.09.08"]
[Round "3"]
[White "Bednarska, Malgorzata"]
[Black "Szymanska, Maria"]
[Result "1-0"]
[WhiteElo "2205"]
[BlackElo "2167"]
[PlyCount "59"]
[EventDate "2003.09.06"]
[EventType "team-tourn"]
[EventRounds "9"]
[EventCountry "POL"]
[SourceTitle "EXT 2005"]
[Source "ChessBase"]
[SourceDate "2004.11.15"]
[SourceVersion "1"]
[SourceVersionDate "2004.11.15"]
[SourceQuality "1"]
[WhiteTeam "Kozuchow Odrodzenie"]
[BlackTeam "Suwalki Hancza"]
[WhiteTeamCountry "POL"]
[BlackTeamCountry "POL"]

1. e4 e6 2. d4 d5 3. Nc3 Bb4 4. e5 c5 5. Bd2 Ne7 6. Nb5 Bxd2+ 7. Qxd2 0-0 8. c3 Nbc6 9. Nf3 a6 10. Na3 cxd4 11. cxd4 f6 12. exf6 Rxf6 13. 0-0-0 b5 14. Nc2 Qd6 15. Kb1 b4 16. Ne3 Qf4 17. Ka1 a5 18. h3 Rf8 19. Ng4 a4 20. Qxf4 Rxf4 21. Bb5 h5 22. Ne3 Ba6 23. Bxc6 Nxc6 24. Rhe1 Rc8 25. Rd2 b3 26. a3 Ne7 27. Kb1 Rff8 28. Nd1 Rf6 29. Nc3 Rc4 30. Ne5 1-0

[Event "POL-chT 1st League"]
[Site "Ustron"]
[Date "2003.09.06"]
[Round "1"]
[White "Bukowska, Katarzyna"]
[Black "Szymanska, Maria"]
[Result "1/2-1/2"]
[WhiteElo "2012"]
[BlackElo "2167"]
[PlyCount "41"]
[EventDate "2003.09.06"]
[EventType "team-tourn"]
[EventRounds "9"]
[EventCountry "POL"]
[SourceTitle "EXT 2005"]
[Source "ChessBase"]
[SourceDate "2004.11.15"]
[SourceVersion "1"]
[SourceVersionDate "2004.11.15"]
[SourceQuality "1"]
[WhiteTeam "Gdanski Drapol Jantar Pruszcz"]
[BlackTeam "Suwalki Hancza"]
[WhiteTeamCountry "POL"]
[BlackTeamCountry "POL"]

1. e4 e6 2. d4 d5 3. Nd2 Be7 4. exd5 exd5 5. Bd3 Nf6 6. Ne2 Bg4 7. 0-0 Nc6 8. c3 0-0 9. Qc2 Re8 10. Ng3 Bd6 11. Nb3 b6 12. Bd2 h6 13. Rae1 Ne7 14. Qc1 Ng6 15. c4 dxc4 16. Bxc4 a5 17. Rxe8+ Qxe8 18. Re1 Qd8 19. Be3 a4 20. Nd2 Nf4 21. Nde4 1/2-1/2

[Event "POL-ch sf U20 Girls"]
[Site "Poraj"]
[Date "2003.??.??"]
[Round "2"]
[White "Szymanska, Maria"]
[Black "Gasik, Anna"]
[Result "1/2-1/2"]
[WhiteElo "2167"]
[BlackElo "2048"]
[PlyCount "103"]
[EventDate "2003.??.??"]
[EventType "swiss"]
[EventRounds "9"]
[EventCountry "POL"]
[SourceTitle "EXT 2005"]
[Source "ChessBase"]
[SourceDate "2004.11.15"]
[SourceVersion "1"]
[SourceVersionDate "2004.11.15"]
[SourceQuality "1"]

1. d4 f5 2. g3 g6 3. Bg2 Nf6 4. c4 Bg7 5. Nh3 0-0 6. Nc3 d6 7. d5 Nbd7 8. 0-0 Ne5 9. b3 Bd7 10. Bd2 c6 11. Rc1 Qe8 12. Qc2 Rc8 13. f4 Nf7 14. Qd3 e5 15. dxe6 Qxe6 16. Nf2 Rfe8 17. Rfe1 Qe7 18. e4 fxe4 19. Ncxe4 Bf5 20. Bc3 Nxe4 21. Bxe4 Bxc3 22. Qxc3 Qd7 23. Qd4 a6 24. Re3 Re7 25. Bxf5 gxf5 26. Rxe7 Qxe7 27. g4 Nh6 28. g5 Nf7 29. Nh1 h6 30. g6 Nh8 31. Ng3 Nxg6 32. Nxf5 Qd7 33. Nxh6+ Kh7 34. f5 Ne5 35. Qf4 Qg7+ 36. Kh1 Qxh6 37. Rf1 Qxf4 38. Rxf4 Rf8 39. Kg2 Kh6 40. Rd4 Rf6 41. h4 Nf7 42. Rf4 d5 43. cxd5 cxd5 44. Kf3 Nd6 45. Kg4 b5 46. a4 Ne4 47. axb5 axb5 48. b4 Rc6 49. Rf3 Rc4 50. Kh3 Rxb4 51. f6 Nxf6 52. Rxf6+ 1/2-1/2